Manual de CISCO

Kaydedildi:
Detaylı Bibliyografya
Asıl Yazarlar: Shaughnessy, Tom (Yazar), Velte, Toby (Yazar)
Materyal Türü: Kitap
Dil:İspanyolca
Baskı/Yayın Bilgisi: Madrid McGraw-Hill 2000
Seri Bilgileri:Biblioteca Profesional
Konular:
Etiketler: Etiketle
Etiket eklenmemiş, İlk siz ekleyin!

MARC

LEADER 00000nam a2200000 a 4500
001 UCO8736
003 CL-VaPUC
008 001221e20000000SP |||||||||||||||||spa|d
082 0 4 |a 004.65  |b SHA  |2 21 
100 0 |a Shaughnessy, Tom  |e author  |9 453592 
700 0 |a Velte, Toby  |e author  |9 453593 
245 1 0 |a Manual de CISCO 
300 |a 635 p 
942 |c BK 
945 |d 20001221 00:00:00  |a cmena 
260 |a Madrid  |b McGraw-Hill  |c 2000 
650 0 |a Redes de información  |9 230208 
650 7 |a INTERCONEXION DE REDES  |2 CL-VaPUC  |9 453594 
650 0 |a Internet   |9 254823 
650 0 |a Comercio electrónico  |9 428366 
650 7 |a CISCO  |2 CL-VaPUC  |9 453595 
650 0 |a Software computacional   |9 384784 
650 7 |a CONMUTADORES  |2 CL-VaPUC  |9 362816 
583 |a last modification  |c 20001221 00:00:00  |k Rodrigo Vera 
490 0 |a Biblioteca Profesional 
999 |c 293205  |d 293203 
952 |0 0  |1 0  |4 0  |6 004_650000000000000_SHA_2000  |7 0  |8 A  |9 344548  |a BIBING  |b BIBING  |d 2019-11-20  |i 3677621  |o 004.65 SHA 2000  |p 3677621  |r 2024-01-25  |w 2019-11-20  |y BK  |k CCI 
952 |0 0  |1 0  |4 0  |6 004_650000000000000_SHA_2000  |7 0  |8 A  |9 344549  |a BIBING  |b BIBING  |d 2019-11-20  |i 3677591  |o 004.65 SHA 2000  |p 3677591  |r 2024-01-25  |w 2019-11-20  |y BK  |k CCI 
952 |0 0  |1 0  |4 0  |6 004_650000000000000_SHA_2000  |7 0  |8 A  |9 344550  |a BIBING  |b BIBING  |d 2019-11-20  |i 3677605  |o 004.65 SHA 2000  |p 3677605  |r 2024-01-25  |w 2019-11-20  |y BK  |k CCI 
952 |0 0  |1 0  |4 0  |6 004_650000000000000_SHA_2000  |7 0  |8 A  |9 344551  |a BIBING  |b BIBING  |d 2019-11-20  |i 3677613  |o 004.65 SHA 2000  |p 3677613  |r 2024-01-25  |w 2019-11-20  |y BK  |k CCI